<?xml version="1.0" encoding="UTF-8"?>
<record
    xmlns:xsi="http://www.w3.org/2001/XMLSchema-instance"
    xsi:schemaLocation="http://www.loc.gov/MARC21/slim http://www.loc.gov/standards/marcxml/schema/MARC21slim.xsd"
    xmlns="http://www.loc.gov/MARC21/slim">

  <leader>00933nam a2200217Ia 4500</leader>
  <controlfield tag="003">IN-BaIIA</controlfield>
  <controlfield tag="008">211028s9999    xx            000 0 eng d</controlfield>
  <datafield tag="020" ind1=" " ind2=" ">
    <subfield code="a">981-02-2073-1</subfield>
  </datafield>
  <datafield tag="040" ind1=" " ind2=" ">
    <subfield code="c">IIA Library</subfield>
  </datafield>
  <datafield tag="080" ind1=" " ind2=" ">
    <subfield code="a">530.1(082.2)</subfield>
    <subfield code="b">WHA</subfield>
  </datafield>
  <datafield tag="111" ind1=" " ind2=" ">
    <subfield code="a">Annual Montreal-Rochester-Syracuse-Toronto Meeting</subfield>
    <subfield code="n">16th</subfield>
    <subfield code="c">Montreal</subfield>
    <subfield code="d">1994 May 11-13</subfield>
    <subfield code="9">22850</subfield>
  </datafield>
  <datafield tag="245" ind1=" " ind2="0">
    <subfield code="a">What next?-exploring the future of high-energy physics</subfield>
    <subfield code="b">proceedings of the sixteenth annual Montreal-Rochester-Syracuse-Toronto meeting held in McGill University, Montreal, 11-13 May 1994</subfield>
    <subfield code="c">edited by J. R. Cudell, K. R. Dienes and B. Margolis                                             </subfield>
  </datafield>
  <datafield tag="260" ind1=" " ind2=" ">
    <subfield code="a">Singapore</subfield>
    <subfield code="b">World Scientific</subfield>
    <subfield code="c">1994</subfield>
  </datafield>
  <datafield tag="300" ind1=" " ind2=" ">
    <subfield code="a">xvii, 311p.</subfield>
  </datafield>
  <datafield tag="650" ind1=" " ind2=" ">
    <subfield code="a">High energy physics</subfield>
    <subfield code="9">2205</subfield>
  </datafield>
  <datafield tag="650" ind1=" " ind2=" ">
    <subfield code="a">Particle physics</subfield>
    <subfield code="9">1847</subfield>
  </datafield>
  <datafield tag="700" ind1=" " ind2=" ">
    <subfield code="a">Cudell, J. R., ed.</subfield>
    <subfield code="9">22851</subfield>
  </datafield>
  <datafield tag="700" ind1=" " ind2=" ">
    <subfield code="a">Dienes, K. R., ed.</subfield>
    <subfield code="9">22852</subfield>
  </datafield>
  <datafield tag="700" ind1=" " ind2=" ">
    <subfield code="a">Margolis, B., ed.</subfield>
    <subfield code="9">22853</subfield>
  </datafield>
  <datafield tag="942" ind1=" " ind2=" ">
    <subfield code="c">BK</subfield>
  </datafield>
  <datafield tag="999" ind1=" " ind2=" ">
    <subfield code="c">13010</subfield>
    <subfield code="d">13010</subfield>
  </datafield>
  <datafield tag="952" ind1=" " ind2=" ">
    <subfield code="0">0</subfield>
    <subfield code="1">0</subfield>
    <subfield code="4">0</subfield>
    <subfield code="7">0</subfield>
    <subfield code="a">BAN</subfield>
    <subfield code="b">BAN</subfield>
    <subfield code="c">GEN</subfield>
    <subfield code="d">1999-06-23</subfield>
    <subfield code="l">0</subfield>
    <subfield code="o">530.1(082.2)/ WHA</subfield>
    <subfield code="p">13927</subfield>
    <subfield code="r">2021-11-05</subfield>
    <subfield code="w">1999-06-23</subfield>
    <subfield code="y">BK</subfield>
  </datafield>
</record>
